01259cam a2200325 a 450000100090000000300040000900500170001300600190003000700150004900800410006401000170010502000390012202000190016104000230018004200080020305000090021108200150022010000460023524500730028125000120035426000990036630000100046550400510047558800820052665000280060865000290063665000410066565000320070677601950073817455370OSt20230919110134.0m |o d | cr_|||||||||||120907s2013 enk ob 001 0 eng  a 2012036602 z9781444333275 (cloth : alk. paper) z 9780141047167 aDLCbengcDLCdDLC apcc00aPN4100a803bCUD/D1 aCuddon, J. A.q(John Anthony),d1928-199612aA dictionary of literary terms and literary theoryh /cJ.A. Cuddon. a5th ed. aChichester, West Sussex, UK :bWiley-Blackwell, A John Wiley & Sons, Ltd., Publication,c2013. a784 p aIncludes bibliographical references and index. aDescription based on print version record and CIP data provided by publisher. 0aCriticismvTerminology. 0aLiteraturevTerminology. 0aEnglish languagevTerms and phrases. 0aLiterary formvTerminology.08iPrint version:aCuddon, J. A. (John Anthony), 1928-1996.tDictionary of literary terms and literary theoryb5th ed.dHoboken, N.J. : John Wiley & Sons, 2013z9781444333275w(DLC) 2012035085